000 00680nam a22002177a 4500
001 27779
003 BD-RjUL
005 20211209051212.0
008 140327r19521941uk ||||| |||| 001 0 eng d
035 _a(BD-RjUL)27858
040 _aBD-RjUL
_beng
_cBD-RjUL
041 _aeng
082 _a930
_bWEH 1952
100 _a Wedgwood , Annie
_985280
245 _aThe heritage of Greece and Rome /
260 _aLondon [u.a.] :
_bLongmans, Green & Co. ;
_c1941[Reprinted 1952]
300 _a164 p. :
_bill. ;
_c18 cm.
490 _aDiscovering history, / general ed.: C. S. S. Higham ; Book 2
700 _aHigham, c. s. s.
_qCharles Strachan Sanders Higham
_985281
942 _2ddc
_cBK
999 _c27779
_d27779